000 00544nam a22001817a 4500
003 UA-OsUOA
001 9412
007 ta
008 20041104b un ||||| |||| 00| 0 ukr d
100 _aСтефанюк І.
942 _cSA
040 _aUA-OsUOA
_cUA-OsUOA
_dUA-OsUOA
245 _aФінансовий контроль виконання бюджетних програм
300 _aС.141-149
955 _a0
773 0 _w0
_tФінанси України
_dКиев
_d2004
_g№10
650 7 _aФінансовий контроль
_2UDC
999 _c295573
_d295573